Central Library OPAC University of Rajshahi

Terrorism, 1980-1990 : (Record no. 723)

MARC details
000 -LEADER
fixed length control field 00682nam a2200241 a 4500
001 - CONTROL NUMBER
control field 723
003 - CONTROL NUMBER IDENTIFIER
rucl marc code BD-RjUL
005 - DATE AND TIME OF LATEST TRANSACTION
control field 20211208233225.0
008 - FIXED-LENGTH DATA ELEMENTS--GENERAL INFORMATION
fixed length control field 161127s1991 cou b 001 0 eng
020 ## - INTERNATIONAL STANDARD BOOK NUMBER
International Standard Book Number 0813380359
035 ## - SYSTEM CONTROL NUMBER
System control number (BD-RjUL)743
040 ## - CATALOGING SOURCE
Original cataloging agency DLC
Transcribing agency DLC
Modifying agency DLC
-- BD-RjUL
Language of cataloging eng
041 ## - LANGUAGE CODE
Language code of text/sound track or separate title eng
082 00 - DEWEY DECIMAL CLASSIFICATION NUMBER
Classification number 016.303625
Edition number 23
Author mark and year LAT 1991
100 1# - MAIN ENTRY--PERSONAL NAME
Personal name Lakos, Amos,
Dates associated with a name 1946-
9 (RLIN) 167167
245 10 - TITLE STATEMENT
Title Terrorism, 1980-1990 :
Remainder of title a bibliography /
Statement of responsibility, etc. Amos Lakos.
260 ## - PUBLICATION, DISTRIBUTION, ETC. (IMPRINT)
Place of publication, distribution, etc. Boulder :
Name of publisher, distributor, etc. Westview Press,
Date of publication, distribution, etc. 1991.
300 ## - PHYSICAL DESCRIPTION
Pagination x, 443 p. ;
Size 23 cm.
500 ## - GENERAL NOTE
General note Includes indexes.
650 #0 - SUBJECT ADDED ENTRY--TOPICAL TERM
Topical term or geographic name as entry element Terrorism
General subdivision Bibliography.
9 (RLIN) 167168
942 ## - ADDED ENTRY ELEMENTS (KOHA)
Source of classification or shelving scheme Dewey Decimal Classification
Koha item type Reference
Holdings
Lost status Source of classification or shelving scheme Damaged status Not for loan Collection code Permanent Location Current Location Shelving location Date acquired Source of acquisition Cost, normal purchase price Total Checkouts Full call number Date last seen Copy number Koha item type
  Dewey Decimal Classification   Not For Loan Reference Central Library, University of Rajshahi Central Library, University of Rajshahi   05/12/1993 Asia Foundation, Dhaka 0.00   R 016.303625 LAT 1991 23/11/2013 C-1 Reference